| 000 | 01283cam a2200229 4500 | ||
|---|---|---|---|
| 001 | ##L134484 | ||
| 008 | 060809n2006 000 0 eng u | ||
| 035 | _a(Sirsi) u134484 | ||
| 041 | 0 | _aeng | |
| 050 | 0 | 4 | _a711.52 $2 18 |
| 110 | 2 | _aOrganisation for Economic Co-operation and Development | |
| 245 | 0 | 0 |
_aBuilding a competitive city-region _bthe case of Newcastle in the North East |
| 260 |
_aParis _bOECD _c2006 |
||
| 490 | 0 | _aOECD Territorial Reviews | |
| 520 | _aOECD examines the strategic position of the Newcastle city region in its first study of a UK medium-sized metropolitan area. Covers the challenges of medium-sized city-regions, the Newcastle economy, enhancing competitiveness of the metropolitan region, and governance in the Newcastle city region. Compares Newcastle with other similar sized European city regions, indicates growth areas and directions for change and makes recommendations. Tables. | ||
| 590 | _aIKA220806 | ||
| 651 | 4 | _aNEWCASTLE UPON TYNE | |
| 651 | 4 | _aNORTHEAST ENGLAND | |
| 690 | _aENVIRONMENTAL AND LAND CONSULTANCY-PLANNING AND DEVELOPMENT-STRATEGIC PLANNING | ||
| 856 | 4 | 0 |
_uhttps://www.newcastle.gov.uk/wwwfileroot/pressoffice/NEWCASTLEintheNorthEast.pdf _zView the report free of charge at www.newcastle.gov.uk... |
| 942 | _n0 | ||
| 999 |
_c105695 _d105695 |
||